000 01002cam a2200313 a 4500
001 14886592
003 NUST
005 20220726180838.0
008 070611r20071970nyu 000 1 eng
010 _a 2007276261
020 _a9780307278449 (pbk.)
038 _aAzhar
040 _aDLC
_cDLC
_dDLC
043 _an-us-oh
050 0 0 _aPS3563.O8749
_bB55 2007
082 0 0 _a813.54
_222
_bMOR
100 1 _aMorrison, Toni.
_97969
245 1 4 _aThe bluest eye :
_ba novel
_cToni Morrison ; [with a foreword by the author].
250 _a1st Vintage International ed.
260 _aNew York :
_bVintage International,
_c2007.
300 _axiii, 205 p. ;
_c21 cm.
650 0 _aAfrican Americans
_vFiction.
650 0 _aGirls
_vFiction.
_97970
651 0 _aOhio
_vFiction.
_97971
655 7 _aBildungsromans.
_2gsafd
906 _a7
_bcbc
_corigcop
_d2
_encip
_f20
_gy-gencatlg
942 _2ddc
_cLC
999 _c590677
_d590677